00419nam a2200121Ia 4500008004100000040004400041100002000085245005200105260003200157300004300189500005000232999001500282180412s9999||||xx |||||||||||||| ||und|| aAhmadu Bello University Library - Zaria aLyubimov, N .A. 0aManaul of Veterinary Surgerycby N. A. Lyubimov aMoscowbMIR Publihersc1977 a447p.; ill., diagrs, pictures & tables aIncludes bibliographical references and index c3527d3527